Movies Quiz

Random Movies or State Quiz

Titanic Texts From Last Night Quiz Stats

 Plays Quiz not verified by Sporcle

Also try: Futuristic Movies
Challenge
Share
Tweet
Embed
Score 0/10 Timer 04:00
0 Plays Today
Text from Last Night Character % Correct
(303): wtf i lost the diamond and the woman?! **** b*tches, get moneyCal Hockley
85%
(608): just hit that in a renault. check that off my places to get some before i die.Jack Dawson
81.4%
(303): stop getting on my case for the money in the oven, you're just jealous that they call me 'unsinkable'Molly Brown
76.6%
(215): i don't care if it was 'technically' cheating, he tried to knock a table onto me yesterday. i get a free pass.Rose Dewitt Bukater
74.3%
(+39): damn, i'll never see the statue of liberty now. bastaridos.Fabrizio
71%
(212): so i know i should be pissed that i spent three years searching for a rock that some old lady's been hiding in her dresser...but it kinda taught me about lifeBrock Lovett
59.1%
(353): they should've listened to me, bet they didn't care about the extra deck space when they were DROWNINGThomas Andrews
55.8%
(151): it's not my fault i got off my boat, they told me it was unsinkable! if you don't shut up i'll own you tooBruce Ismay
50.4%
(805): apparently my grandma was a hot tamale. speaking of which, i kinda wanna get with this sea explorer...Lizzy Calvert
43.1%
(805): i deserve a damn metal, you try and find another person who kept a secret like that for 80 yearsRose Calvert (Old Rose)
38.1%

You're not logged in!

Compare scores with friends on all Sporcle quizzes.
OR
Log In

You Might Also Like...

Show Comments

Extras

Top Quizzes Today


Score Distribution

Your Account Isn't Verified!

In order to create a playlist on Sporcle, you need to verify the email address you used during registration. Go to your Sporcle Settings to finish the process.

Report this User

Report this user for behavior that violates our Community Guidelines.

Details: